Premiers of Newfoundland and Labrador - Statistics

General Stats
  • This quiz has been taken 8 times
  • The average score is 9 of 14
Answer Stats
Term Political Party Premier % Correct
2020 - Present Liberal Party Andrew Furey
100%
2003 - 2010 Progressive Conservative Party Danny Williams
100%
2015 - 2020 Liberal Party Dwight Ball
100%
1949 - 1972 Liberal Party Joey Smallwood
100%
2010 - 2014 Progressive Conservative Party Kathy Dunderdale
100%
1979 - 1989 Progressive Conservative Party Brian Peckford
67%
1972 - 1979 Progressive Conservative Party Frank Moores
67%
2014 - 2015 Progressive Conservative Party Paul Davis
67%
2001 - 2003 Liberal Party Roger Grimes
67%
2014 Progressive Conservative Party Tom Marshall
67%
2000 - 2001 Liberal Party Beaton Tulk
33%
1996 - 2000 Liberal Party Brian Tobin
33%
1989 - 1996 Liberal Party Clyde Wells
0%
1989 Progressive Conservative Party Tom Rideout
0%
No matching quizzes found
Score Distribution
Percent of People with Each Score
Percentile by Number Answered
Your Score History
You have not taken this quiz